Todas los Personajes de la que se avecina - Estadísticas

Estadísticas generales
  • Esta prueba ha sido intentada 1.311 veces
  • La puntuación promedio es 40 de 69
Estadísticas de respuestas
Temporada Personaje % Correcto
1- Act Amador Rivas
98%
1- Act Antonio Recio
93%
1- Act Lola Trujillo
93%
1- 12 Enrique Pastor
92%
1- 11 Javier Maroto
92%
1- Act Maite Figueroa
92%
1- Act Berta Escobar
91%
6- Act Fermín Trujillo
91%
2- 12 Nines Chacon
91%
1,2- 5- 9 Araceli Madariaga
90%
1- 12 Raquel Villanueva
90%
1- Act Coque Calatrava
89%
3- 9 Judith Becker
89%
1- Act Carlota Rivas Figueroa
88%
1- Act Vicente Maroto
88%
1,2,3,9- 12 Alba Recio Escobar
87%
3,4,6 -7 Estela Reynolds
87%
1- 8 Leonardo Romaní
86%
1,2 i 6 Sergio Arias
85%
1- 6 Francisco Javier Pastor
84%
1- 6 Máximo Ángulo
84%
1- 6 Izaskun Sagastume
83%
1- 4 Gregoria Guitierrez
82%
1- 4 Mari Tere Valverde
77%
9- Act Yolanda Morcillo
75%
9- Act Bruno Quiroga
73%
8- Act Doña Fina Palomares
73%
1- 2 Joaquín Arias
73%
9- Act Menchu Carrascosa
71%
1- 1 Cristina Aguillera
69%
7- 8 Rebeca Ortiz
68%
1- 12 Rodrigo Rivas Figueroa
66%
10- Act Agustín Gordillo
63%
7- 11 Teodoro Rivas
63%
1- 12 Fernando Rivas Figueroa
61%
4,6- 12 La Chusa
60%
1- 2 Éric
56%
2- 12 Amador Jr Rivas Figueroa
52%
7- 12 Úrsula Maroto
51%
1- 2 Julián Pastor
49%
2- 2 Blanca
48%
11- 12 Ongombo
48%
1- 2 Silvio
48%
5- 5 Reyes
47%
5- 9 Justiniana Latorre
46%
4- 7 Rosario Parrales
45%
9- 12 Clara Guitierrez
43%
1,2,3,12 Germán Palomares
42%
1- 2 Fabio
41%
9- 12 Josito
41%
1- 2 Sandra
40%
6- Act Raluka Petresku
39%
13- Act Greta
37%
1- 1 Doña Charo De La Vega
33%
7- 9 Dylan Pastor
33%
2- 12 Padre Alejandro
32%
2,6- 7 Violeta Recio
30%
11- 11 Barbara
24%
13- Act Victoria Rafaela
24%
13- Act Esteban
19%
11- 12 Rosanna
17%
9 i 12 Fidel Morcillo
16%
13- Act Noelia
14%
12- 12 Irene
12%
11- 12 Sonia
11%
5- 5 Ramón Rivas
9%
13- Act Alfonso
6%
12- 12 Antonia Candelaria
5%
13- 13 Inma
4%
No se encontraron pruebas coincidentes
Distribución de puntuación
Porcentaje de gente con cada puntuación
Porcentaje por número respondido
Historial de tus puntuaciones
No has intentado esta prueba.